Subprefectures of Hokkaido - Statistics

General Stats
  • This quiz has been taken 116 times
  • The average score is 10 of 14
Answers on the Map
Answers color-coded by a green-red scale on the quiz's map according to % correct below.
 
Answer Stats
Subprefectural Bureau % Correct
Nemuro
85%
Ishikari
82%
Kushiro
82%
Hidaka
76%
Kamikawa
76%
Sorachi
76%
Iburi
74%
Rumoi
74%
Soya
74%
Tokachi
74%
Hiyama
71%
Oshima
71%
Shiribeshi
65%
Okhotsk
62%
No matching quizzes found
Score Distribution
Percent of People with Each Score
Percentile by Number Answered
Your Score History
You have not taken this quiz